[Event "Rhein Main op-B 25th"]
[Site "Bad Homburg"]
[Date "2023.06.10"]
[Round "5"]
[White "Clement, Marc"]
[Black "Hees, Robin"]
[Result "1/2-1/2"]
[WhiteElo "1516"]
[BlackElo "1185"]
[PlyCount "117"]
[EventDate "2023.06.07"]
[EventType "swiss"]
[EventRounds "7"]
[EventCountry "GER"]
[SourceTitle "CBM 215 Extra"]
[Source "ChessBase"]
[SourceDate "2023.09.30"]
[SourceVersion "1"]
[SourceVersionDate "2023.09.30"]
[SourceQuality "1"]

1. e4 c6 2. d3 d5 3. Nd2 dxe4 4. dxe4 Nf6 5. Ngf3 Bg4 6. h3 Bxf3 7. Qxf3 e6 8. Bd3 Be7 9. 0-0 0-0 10. Nb3 Nbd7 11. Bg5 Ne5 12. Qe2 h6 13. Bf4 Nxd3 14. cxd3 Nd7 15. d4 a5 16. Rad1 a4 17. Nc5 Nxc5 18. dxc5 Qc8 19. Qg4 f5 20. Qe2 Bxc5 21. Bd6 Bxd6 22. Rxd6 Qe8 23. e5 Qe7 24. Rfd1 Rfd8 25. Qd3 Rxd6 26. Qxd6 Kf7 27. a3 Rc8 28. f4 c5 29. Qd7 Rc6 30. Qd3 Rc7 31. Qb5 Qe8 32. Qe2 g6 33. Qf2 b6 34. Qh4 Qh8 35. Rd8 Qg7 36. Rd6 g5 37. Qh5+ Ke7 38. Rxb6 gxf4 39. Rb8 Qxe5 40. Qe8+ Kf6 41. Qh8+ Rg7 42. Qxh6+ Rg6 43. Qf8+ Kg5 44. Qe7+ Kh5 45. Qb7 Qe1+ 46. Kh2 Qg3+ 47. Kg1 f3 48. Rh8+ Kg5 49. Qe7+ Kf4 50. Rh4+ Ke5 51. Qxc5+ Kf6 52. Qf8+ Kg5 53. Qe7+ Rf6 54. Qg7+ Kxh4 55. Qxf6+ Qg5 56. Qh8+ Kg3 57. Qe5+ Kh4 58. Qh8+ Qh5 59. Qf6+ 1/2-1/2

[Event "Rhein Main op-B 25th"]
[Site "Bad Homburg"]
[Date "2023.06.08"]
[Round "3"]
[White "Clement, Marc"]
[Black "Bahlo, Jens"]
[Result "0-1"]
[WhiteElo "1516"]
[BlackElo "1828"]
[PlyCount "56"]
[EventDate "2023.06.07"]
[EventType "swiss"]
[EventRounds "7"]
[EventCountry "GER"]
[SourceTitle "CBM 215 Extra"]
[Source "ChessBase"]
[SourceDate "2023.09.30"]
[SourceVersion "1"]
[SourceVersionDate "2023.09.30"]
[SourceQuality "1"]

1. e4 c5 2. Nc3 a6 3. a4 Nc6 4. Bc4 e6 5. f4 b6 6. Nf3 Bb7 7. d3 Nf6 8. 0-0 d5 9. exd5 exd5 10. Qe1+ Be7 11. Ba2 0-0 12. Qg3 Re8 13. f5 Bd6 14. Qh3 Ne5 15. Bg5 Nxf3+ 16. gxf3 Be5 17. Nd1 Qd6 18. c3 Bf4 19. Bh4 Re2 20. Nf2 Rae8 21. Bxf6 Qxf6 22. Qg4 Be3 23. Kg2 Rxb2 24. Kg3 Re5 25. d4 Rxf5 26. Nh3 h5 27. Qh4 Bg5 28. Nxg5 Rxg5+ 0-1

[Event "Rhein Main op-B 25th"]
[Site "Bad Homburg"]
[Date "2023.06.07"]
[Round "1"]
[White "Clement, Marc"]
[Black "Ritter, Uwe"]
[Result "0-1"]
[WhiteElo "1516"]
[BlackElo "1872"]
[PlyCount "44"]
[EventDate "2023.06.07"]
[EventType "swiss"]
[EventRounds "7"]
[EventCountry "GER"]
[SourceTitle "CBM 215 Extra"]
[Source "ChessBase"]
[SourceDate "2023.09.30"]
[SourceVersion "1"]
[SourceVersionDate "2023.09.30"]
[SourceQuality "1"]

1. e4 e5 2. Nf3 Nc6 3. d4 exd4 4. Nxd4 Qf6 5. Be3 Bc5 6. c3 Nge7 7. Nc2 d6 8. Bd4 Qg6 9. Bxc5 dxc5 10. Nd2 0-0 11. Ne3 f5 12. Bc4+ Kh8 13. exf5 Nxf5 14. Bd3 Ne5 15. Be4 Nxe3 16. fxe3 Qh6 17. Qe2 Bg4 18. Bf3 Qh4+ 19. Kd1 Rad8 20. Kc2 Bxf3 21. gxf3 Nxf3 22. Nxf3 Qe4+ 0-1

[Event "Korbach Goldflair op 1st"]
[Site "Korbach"]
[Date "2013.05.03"]
[Round "1"]
[White "Verhoef, Pieter"]
[Black "Clement, Marc"]
[Result "1-0"]
[WhiteElo "1800"]
[BlackElo "1498"]
[PlyCount "97"]
[EventDate "2013.05.03"]
[EventType "swiss"]
[EventRounds "5"]
[EventCountry "GER"]
[SourceTitle "CBM 154 Extra"]
[Source "ChessBase"]
[SourceDate "2013.06.25"]
[SourceVersion "2"]
[SourceVersionDate "2013.06.25"]
[SourceQuality "1"]

1. e4 c5 2. Nc3 Nc6 3. f4 e6 4. Nf3 g6 5. Bb5 Nge7 6. 0-0 Bg7 7. d3 d6 8. Ne2 0-0 9. Bxc6 Nxc6 10. Rb1 b6 11. Ng3 a5 12. Bd2 h6 13. Bc3 Nd4 14. Bxd4 cxd4 15. f5 e5 16. fxg6 fxg6 17. Qe2 Bg4 18. h3 Bxf3 19. Rxf3 Rxf3 20. Qxf3 Qe7 21. Qg4 Kh7 22. Rf1 h5 23. Qe2 Qg5 24. Kh2 h4 25. Nh1 Rf8 26. Rxf8 Bxf8 27. Nf2 Qf4+ 28. Kh1 Bh6 29. Qf1 Qg3 30. Ng4 Bg7 31. Qf2 Qf4 32. Qxf4 exf4 33. Kg1 g5 34. Kf2 Kg6 35. Kf3 b5 36. b3 b4 37. Nf2 Kh5 38. Nd1 Bf6 39. Nb2 Bd8 40. Nc4 Bc7 41. a4 Kg6 42. Kg4 Kf6 43. Kh5 d5 44. exd5 Kf5 45. Nd2 Bd8 46. Nf3 Bf6 47. d6 Bd8 48. Nxd4+ Ke5 49. Nc6+ 1-0

[Event "Kaupthing op-B 1st"]
[Site "Differdange"]
[Date "2007.07.14"]
[Round "9"]
[White "Boyarchenko, Alexander Sr"]
[Black "Clement, Marc"]
[Result "1-0"]
[WhiteElo "1544"]
[BlackElo "1432"]
[PlyCount "85"]
[EventDate "2007.07.08"]
[EventType "swiss"]
[EventRounds "9"]
[EventCountry "LUX"]
[SourceTitle "EXT 2008"]
[Source "ChessBase"]
[SourceDate "2007.11.25"]
[SourceVersion "1"]
[SourceVersionDate "2007.11.25"]
[SourceQuality "1"]

1. d4 d5 2. Nf3 Nf6 3. Bf4 e6 4. a3 Bd6 5. Bg5 h6 6. Bh4 g5 7. Bg3 Bxg3 8. hxg3 Ne4 9. Nbd2 f5 10. e3 Nd7 11. Bb5 c6 12. Be2 Qf6 13. Nxe4 fxe4 14. Nd2 Nf8 15. Bh5+ Ng6 16. Qe2 Bd7 17. Nb3 b6 18. Rf1 0-0 19. 0-0-0 Kg7 20. Nd2 b5 21. f3 exf3 22. Nxf3 Qe7 23. Qd3 Be8 24. Rh1 e5 25. e4 Nf4 26. gxf4 Bxh5 27. Rxh5 Rxf4 28. Nxe5 dxe4 29. Qc3 Qe8 30. Nxc6 Qxh5 31. d5+ Kh7 32. Ne5 Rg8 33. Nd7 Qg6 34. d6 Qe6 35. Ne5 Rc8 36. Qd4 Qf5 37. Qxa7+ Kh8 38. d7 Rxc2+ 39. Kxc2 e3+ 40. Kc1 Qxd7 41. Nxd7 e2 42. Re1 Rf1 43. Kd2 1-0

[Event "LUX-chABC"]
[Site "Dudelange"]
[Date "1998.04.17"]
[Round "7.30"]
[White "Clement, Marc"]
[Black "Henx, Francois"]
[Result "1/2-1/2"]
[WhiteElo "1495"]
[BlackElo "1510"]
[PlyCount "104"]
[EventDate "1998.04.11"]
[EventType "swiss"]
[EventRounds "9"]
[EventCountry "LUX"]
[SourceTitle "EXT 2013"]
[Source "ChessBase"]
[SourceDate "2012.11.22"]
[SourceVersion "1"]
[SourceVersionDate "2012.11.22"]
[SourceQuality "1"]

1. e4 e5 2. Nf3 Nf6 3. Nc3 Nc6 4. d4 d6 5. dxe5 dxe5 6. Qxd8+ Nxd8 7. Nxe5 Bb4 8. Bd2 Bxc3 9. Bxc3 Nxe4 10. Bd3 Nxc3 11. bxc3 0-0 12. 0-0 Re8 13. Rfe1 Be6 14. c4 f6 15. Nf3 Nf7 16. Nd4 Bd7 17. Bf5 Rxe1+ 18. Rxe1 Re8 19. Kf1 Rxe1+ 20. Kxe1 Bxf5 21. Nxf5 Kf8 22. f4 c5 23. Kd2 g6 24. Ne3 Nd6 25. Kd3 f5 26. a4 a6 27. Nd5 b5 28. cxb5 axb5 29. a5 Nc8 30. Nf6 h6 31. Nd7+ Ke7 32. Nxc5 Kd6 33. Kd4 Na7 34. Nb3 Nc6+ 35. Kc3 Kc7 36. Nd4 Nxd4 37. Kxd4 Kb7 38. Kc5 Ka6 39. c3 Kxa5 40. h4 Ka4 41. Kd4 Kb3 42. Kd3 Ka4 43. Kc2 Ka5 44. Kb3 Kb6 45. c4 Kc5 46. cxb5 Kxb5 47. Kc3 Kc5 48. Kd3 Kd5 49. Ke3 Kc4 50. g3 Kd5 51. Kf3 h5 52. Ke3 Kc5 1/2-1/2

[Event "LUX-chABC"]
[Site "Dudelange"]
[Date "1998.04.16"]
[Round "6.32"]
[White "Bonne, Joseph"]
[Black "Clement, Marc"]
[Result "1/2-1/2"]
[WhiteElo "1415"]
[BlackElo "1495"]
[PlyCount "122"]
[EventDate "1998.04.11"]
[EventType "swiss"]
[EventRounds "9"]
[EventCountry "LUX"]
[SourceTitle "EXT 2013"]
[Source "ChessBase"]
[SourceDate "2012.11.22"]
[SourceVersion "1"]
[SourceVersionDate "2012.11.22"]
[SourceQuality "1"]

1. d4 Nf6 2. c4 e5 3. dxe5 Ne4 4. Nf3 Bb4+ 5. Bd2 Qe7 6. a3 Bc5 7. e3 Nc6 8. Bd3 Nxd2 9. Nbxd2 Nxe5 10. Nxe5 Qxe5 11. b4 Bxe3 12. fxe3 Qxe3+ 13. Qe2 Qxe2+ 14. Bxe2 0-0 15. 0-0 Re8 16. Bd3 d6 17. Rfe1 Bd7 18. Re2 Rxe2 19. Bxe2 Re8 20. Re1 Bg4 21. Kf2 Bxe2 22. Rxe2 Rxe2+ 23. Kxe2 f5 24. Ke3 Kf7 25. Nf3 Kf6 26. h4 h6 27. Kf4 g6 28. g3 c6 29. a4 a6 30. Nd4 g5+ 31. hxg5+ hxg5+ 32. Kf3 Ke5 33. Ne2 g4+ 34. Ke3 d5 35. cxd5 Kxd5 36. Kd3 Ke5 37. Nc1 f4 38. gxf4+ Kxf4 39. Ke2 Kg3 40. Kf1 Kh2 41. Ne2 g3 42. a5 g2+ 43. Kf2 Kh3 44. Kg1 Kg4 45. Nc3 Kf4 46. Kxg2 Ke3 47. Na4 Kd4 48. Nc5 Kc4 49. Nxb7 Kxb4 50. Kf2 c5 51. Ke2 c4 52. Kd2 Kb5 53. Kc1 Kb4 54. Kc2 Ka4 55. Kc3 Kb5 56. Kd4 Kb4 57. Nc5 c3 58. Nd3+ Kb3 59. Kc5 c2 60. Kb6 Kc3 61. Nc1 Kb2 1/2-1/2

[Event "LUX-chABC"]
[Site "Dudelange"]
[Date "1997.04.03"]
[Round "6.44"]
[White "Stoll, Bernard"]
[Black "Clement, Marc"]
[Result "1/2-1/2"]
[WhiteElo "1440"]
[BlackElo "1455"]
[PlyCount "48"]
[EventDate "1997.03.29"]
[EventType "swiss"]
[EventRounds "9"]
[EventCountry "LUX"]
[SourceTitle "EXT 2013"]
[Source "ChessBase"]
[SourceDate "2012.11.22"]
[SourceVersion "1"]
[SourceVersionDate "2012.11.22"]
[SourceQuality "1"]

1. e4 e5 2. Nf3 Nc6 3. Bc4 Bc5 4. 0-0 Nf6 5. d3 0-0 6. Bg5 h6 7. Bh4 d6 8. Nc3 Be6 9. Nd5 Bxd5 10. exd5 Na5 11. Qd2 Nxc4 12. dxc4 a5 13. Rfe1 b6 14. a3 a4 15. b4 axb3 16. cxb3 Bxa3 17. Re3 Bb4 18. Qd1 Qe7 19. Qb1 Rfb8 20. Ra4 Rxa4 21. bxa4 Ba5 22. Qb5 Qd8 23. Ne1 Qd7 24. Qxd7 Nxd7 1/2-1/2